| 000 -LEADER |
| fixed length control field |
00410cam a22001217a 4500 |
| 008 - FIXED-LENGTH DATA ELEMENTS--GENERAL INFORMATION |
| fixed length control field |
180718b1986 xxu||||| |||| 00| 0 eng d |
| 082 ## - DEWEY DECIMAL CLASSIFICATION NUMBER |
| Classification number |
A75 M278BOM/G |
| 245 ## - TITLE STATEMENT |
| Title |
Maharashtra state gazetteers: Greater Bombay |
| Statement of responsibility, etc. |
edited by K.K. Chaudhari |
| 260 ## - PUBLICATION, DISTRIBUTION, ETC. |
| Place of publication, distribution, etc. |
Bombay |
| Name of publisher, distributor, etc. |
Gazetteers Department |
| Date of publication, distribution, etc. |
1986 |
| 300 ## - PHYSICAL DESCRIPTION |
| Extent |
3v. |
| 500 ## - GENERAL NOTE |
| General note |
Contents: v.1. 1986. 600+p.;v.2. 1987. 980+p.;v.3. 1986. 807+p. |
| 700 ## - ADDED ENTRY--PERSONAL NAME |
| Personal name |
Chaudhari, K.K. |